Using basic statistics in the social sciences (Record no. 9944)
[ view plain ]
| 000 -LEADER | |
|---|---|
| fixed length control field | 00567nam a22001937a 4500 |
| 003 - CONTROL NUMBER IDENTIFIER | |
| control field | SEKU |
| 005 - DATE AND TIME OF LATEST TRANSACTION | |
| control field | 20160121132457.0 |
| 008 - FIXED-LENGTH DATA ELEMENTS--GENERAL INFORMATION | |
| fixed length control field | 160121b xxu||||| |||| 00| 0 eng d |
| 020 ## - INTERNATIONAL STANDARD BOOK NUMBER | |
| International Standard Book Number | 9780132216418 |
| 040 ## - CATALOGING SOURCE | |
| Original cataloging agency | SEKU |
| 050 ## - LIBRARY OF CONGRESS CALL NUMBER | |
| Classification number | QA276.12 |
| Item number | .C64 2008 |
| 100 ## - MAIN ENTRY--PERSONAL NAME | |
| Personal name | Evans N. Annabel |
| 245 ## - TITLE STATEMENT | |
| Title | Using basic statistics in the social sciences |
| 250 ## - EDITION STATEMENT | |
| Edition statement | 4th ed. |
| 260 ## - PUBLICATION, DISTRIBUTION, ETC. (IMPRINT) | |
| Place of publication, distribution, etc. | Toronto |
| Name of publisher, distributor, etc. | Pearson prentice hall |
| 300 ## - PHYSICAL DESCRIPTION | |
| Extent | viii-xiii,.: 552 p.; |
| Other physical details | drw |
| 500 ## - GENERAL NOTE | |
| General note | includes table of contents and index |
| 942 ## - ADDED ENTRY ELEMENTS (KOHA) | |
| Source of classification or shelving scheme | Library of Congress Classification |
| Koha item type | General circulation |
| Classification part | QA276.12 |
| Item part | .C64 2008 |
| Withdrawn status | Lost status | Source of classification or shelving scheme | Damaged status | Not for loan | Home library | Current library | Shelving location | Date acquired | Source of acquisition | Total Checkouts | Full call number | Barcode | Date last seen | Price effective from | Koha item type | Public note |
|---|---|---|---|---|---|---|---|---|---|---|---|---|---|---|---|---|
| Library of Congress Classification | Wote Campus Library | Wote Campus Library | General Stacks | 21/01/2016 | donation- books for Africa | QA276.12 .C64 2008 | 2015/007897 | 21/01/2016 | 21/01/2016 | General circulation | GM | |||||
| Library of Congress Classification | Wote Campus Library | Wote Campus Library | General Stacks | 21/01/2016 | donation- books for Africa | QA276.12 .C64 2008 | 2015/007896 | 21/01/2016 | 21/01/2016 | General circulation | GM | |||||
| Library of Congress Classification | Wote Campus Library | Wote Campus Library | General Stacks | 21/01/2016 | donation- books for Africa | QA276.12 .C64 2008 | 2016/011234 | 21/01/2016 | 21/01/2016 | General circulation | GM | |||||
| Library of Congress Classification | Wote Campus Library | Wote Campus Library | General Stacks | 21/01/2016 | donation- books for Africa | QA276.12 .C64 2008 | 2016/011233 | 21/01/2016 | 21/01/2016 | General circulation | GM |